Statistiques concernant Europa Conference League 2023-2024 : les clubs

Cliquez ici pour prendre le quiz!

Statistiques générales

  • Ce quiz a été pris 25 fois
  • Le résultat moyen est 73 sur 163

Statistiques - réponses

Réponse% Correct
Lille OSC
100%
KAA La Gantoise
92%
KRC Genk
92%
FC Dynamo Kiev
88%
Fenerbahce SK
88%
Balzan FC
84%
FC Twente
84%
HNK Hadjuk Split
80%
Riga FC
80%
Shamrock Rovers
80%
Breidablik UBK
76%
FC Ararat Armenia
76%
FC Honka
76%
Crusaders FC
72%
Dinamo Tbilissi
72%
FC Dila Gori
72%
FK Aktobe
72%
FK Kauno Žalgiris
72%
FK Sarajevo
72%
FK Shkupi
72%
NK Domzale
72%
SS Cosmos
72%
FC Struga
68%
Sabah FK
68%
AGF Aarhus
64%
HSK Zrinjski Mostar
64%
AZ Alkmaar
60%
FC Flora
60%
KuPS
60%
SK Slavia Prague
60%
Swift Hesperange
60%
Austria Wien
56%
Besiktas
56%
BK Hacken
56%
Dinamo Minsk
56%
Glentoran FC
56%
Hapoel Beer-Sheva
56%
MSK Zilina
56%
Narva Trans
56%
Olympiakos
56%
ACF Fiorentina
52%
Astana F.C
52%
B36 Torshavn
52%
Beitar Jerusalem
52%
Club Brugge
52%
Eintracht Frankfurt
52%
FC Bäle
52%
FC Drita Gjilan
52%
FCI Levadia
52%
FC Lucerne
52%
FC Midtjylland
52%
FC Sheriff Tiraspol
52%
FC Spartak Trnava
52%
FC Viktoria Plzen
52%
FK Buducnost
52%
FK Zalgiris Vilnius
52%
HNK Rijeka
52%
NK Maribor
52%
PAOK FC
52%
Tirana KF
52%
Alashkert
48%
Aston Villa
48%
Bodo Glimt
48%
Brann
48%
Derry City
48%
Dundalk
48%
Europa FC
48%
Farul Constanta
48%
FC Ballkani
48%
FC Bohemians Prague
48%
FC Urartu
48%
Ferencvaros
48%
Kalmar FF
48%
Maccabi Tel Aviv
48%
NK Osijek
48%
Pyunik Erevan
48%
Rosenborg BK
48%
SK Rapid Wien
48%
SP La Fiorita
48%
Vikingur Gota
48%
Zimbru Chisinau
48%
ACS Sepsi OSK Sfantu Gheorghe
44%
Adana Demirspor
44%
CA Osasuna
44%
CS Hincesti
44%
F91 Dudelange
44%
FC Dukagjini
44%
FC Vaduz
44%
FK Partizan
44%
Hibernian FC
44%
KKS Lech Poznan
44%
Larne FC
44%
Legia Varsovie
44%
Pogon Szczecin
44%
St Patricks Athletic FC
44%
Sutjeska
44%
The New Saints
44%
Vitoria Guimaraes
44%
CFR Cluj
40%
Connah's Quay Nomads
40%
Dinamo Batoumi
40%
Egnatia
40%
FC Haka
40%
FC Ordabasy
40%
FC Santa Coloma
40%
FCSB
40%
FK Auda
40%
FK Partizani Tirana
40%
FK Qabala
40%
Gzira United
40%
Omonia Nicosie
40%
Vllaznia Shkoder
40%
Arsenal Tivat
36%
BATE Borisov
36%
CSKA Sofia
36%
FK Panevezys
36%
Havnar Boltfelag
36%
Hearts of Midlothian
36%
Shkendija KF
36%
SP Tre Penne
36%
AEK Larnaca
32%
Birkirkara F.C
32%
Bruno's Magpies
32%
Djurgardens IF
32%
FC Hamrun Spartans
32%
Hegelmann Litauen
32%
Milsami
32%
NK Celje
32%
Paide Linnmeeskon
32%
Qarabag FK
32%
SC Dnipro 1
32%
CSKA 1948 Sofia
28%
FC Arouca
28%
FC Nordsjaelland
28%
Hammarby IF
28%
SC Gjilan
28%
Zeljeznicar FC
28%
FC Deifferdang
24%
FC Tobol
24%
Rigas FS
24%
Torpedo Jodzina
24%
Aris Thessalonique
20%
Inter Club Escaldes
20%
Neftchi PFK
20%
PFC Levski Sofia
20%
Linfield FC
16%
FC Dunajska Streda
12%
FK Vojvodina
12%
Pen y Bont FC
12%
Progres Niederkorn
12%
FC Vorskla Poltava
8%
Neman Grodno
8%
Valmeira FC
8%
Athletic Club Escaldes
4%
Debreceni VSC
4%
FK Borac
4%
Vikingur Rekjavik
4%
Zalaegerszeg
4%
FK Makedonjia Gorce Petrov
0%
Haverfordwest County
0%
KA Akureyi
0%
Kecskemeti TE
0%
Torpedo Koutaïssi
0%

Distribution des résultats

Percentile par nombre de réponses

% des personnes avec chaque résultat

Votre développement - résultats

Vous n’avez pas pris ce quiz